Honey bee colony health challenges and sustainable solutions /

Bibliographic Details
Corporate Author: ProQuest (Firm)
Other Authors: Sammataro, Diana., Yoder, Jay.
Format: Electronic eBook
Language:English
Published: Boca Raton, Fla. : CRC Press, 2012.
Series:Contemporary topics in entomology series.
Subjects:
Online Access:Click to View
LEADER 01505nam a2200397 a 4500
001 EBC830244
003 MiAaPQ
005 20200520144314.0
006 m o d |
007 cr cn|||||||||
008 110926s2012 fluab sb 001 0 eng d
010 |z  2011039584 
020 |z 9781439879405 (hardcover : alk. paper) 
020 |z 9781439879412 (e-book) 
035 |a (MiAaPQ)EBC830244 
035 |a (Au-PeEL)EBL830244 
035 |a (CaPaEBR)ebr10546311 
035 |a (CaONFJC)MIL692732 
035 |a (OCoLC)899154948 
040 |a MiAaPQ  |c MiAaPQ  |d MiAaPQ 
050 4 |a SF523  |b .H75 2012 
082 0 4 |a 638.1  |2 23 
245 0 0 |a Honey bee colony health  |h [electronic resource] :  |b challenges and sustainable solutions /  |c edited by Diana Sammataro & Jay Yoder. 
260 |a Boca Raton, Fla. :  |b CRC Press,  |c 2012. 
300 |a xviii, 302 p. :  |b col. ill., col. map. 
490 1 |a Contemporary topics in entomology series 
504 |a Includes bibliographical references and index. 
533 |a Electronic reproduction. Ann Arbor, MI : ProQuest, 2015. Available via World Wide Web. Access may be limited to ProQuest affiliated libraries. 
650 0 |a Bee culture  |x Health aspects. 
650 0 |a Honeybee  |x Health. 
655 4 |a Electronic books. 
700 1 |a Sammataro, Diana. 
700 1 |a Yoder, Jay. 
710 2 |a ProQuest (Firm) 
830 0 |a Contemporary topics in entomology series. 
856 4 0 |u https://ebookcentral.proquest.com/lib/matrademy/detail.action?docID=830244  |z Click to View